| 000 | 00964 a2200145 4500 | ||
|---|---|---|---|
| 003 | Nust | ||
| 005 | 20170207154200.0 | ||
| 040 | _cNust | ||
| 082 | _a005.133 | ||
| 245 |
_aOracle reports 4.5 _cOra-Tech Systems |
||
| 260 |
_aKarachi _bOra-Tech Systems |
||
| 300 | _aVarious pages | ||
| 505 | _aCourse Introduction (Page-1-1) Designing Reports-Default Report Layout Structures (Page-2-1) Invoking Oracle Reports and Report Objects (Page-3-1) Data Model Basics – Queries , Groups and Links (Page-4-1) Data Model Basics –Columns (Page-5-1) Layout Objects (page-6-1) Layout Basics-Default Layouts (Page-7-1) Layout Basics – Frames, Fields and Boilerplate (page-8-1) Layout Basics – Anchors and Buttons (Page-9-1) Common Layout Object Properties (Page-12-1) Specific Properties –Layout Objects (Page-13-1) Simple Matrix Reports and Summaries (apge-14-1) Parameters and the Parameter Form (page-16-1) Using Triggers in Oracle Reports (page-17-1) | ||
| 650 | _aOracle | ||
| 942 |
_2ddc _cBK |
||
| 999 |
_c194683 _d194683 |
||